Normal view
MARC view
Entry Personal Name
001 - CONTROL NUMBER
- control field: 1166765
003 - CONTROL NUMBER IDENTIFIER
- control field: OSt
005 - DATE AND TIME OF LATEST TRANSACTION
- control field: 20260324122523.0
008 - FIXED-LENGTH DATA ELEMENTS
- fixed length control field: 260324|| aca||aabn | a|a d
040 ## - CATALOGING SOURCE
- Original cataloging agency: OSt
- Transcribing agency: OSt
100 ## - HEADING--PERSONAL NAME
- Personal name: David H. McElreath; J. Michelle Estis-Sumerel; Janice Bounds; Ralph Kennedy; Michael Wigginton Jr.; Carl J. Jensen III; Daniel Adrian Doss; Kenneth R. Winter; Robert E. Mongue
670 ## - SOURCE DATA FOUND
- Source citation: Work cat.: (OSt)1759584: David H. McElreath; J. Michelle Estis-Sumerel; Janice Bounds; Ralph Kennedy; Michael Wigginton Jr.; Carl J. Jensen III; Daniel Adrian Doss; Kenneth R. Winter; Robert E. Mongue, Introduction to Law Enforcement
